00329pab a2200121 454500008004000000100002400040245006000064260000900124300001700133362000800150650002000158773002900178180718b2012 xxu||||| |||| 00| 0 eng d aSim, Christopher A. aStatistical modeling of monetary policy and its effects c2012 ap.1187-1205. aJun aMonetary policy aAmerican Economic Review